<?xml version="1.0" encoding="UTF-8"?>
<record
    xmlns:xsi="http://www.w3.org/2001/XMLSchema-instance"
    xsi:schemaLocation="http://www.loc.gov/MARC21/slim http://www.loc.gov/standards/marcxml/schema/MARC21slim.xsd"
    xmlns="http://www.loc.gov/MARC21/slim">

  <leader>04103cam a2200361 a 4500</leader>
  <controlfield tag="005">20240305165430.0</controlfield>
  <controlfield tag="007">cr||||   |||| </controlfield>
  <controlfield tag="008">101005s20102012spc||||||    |000 0|cat| </controlfield>
  <datafield tag="035" ind1=" " ind2=" ">
    <subfield code="a">12729</subfield>
  </datafield>
  <datafield tag="040" ind1=" " ind2=" ">
    <subfield code="a">vLex</subfield>
  </datafield>
  <datafield tag="043" ind1=" " ind2=" ">
    <subfield code="a">e-sp---</subfield>
    <subfield code="b">e-spc--</subfield>
  </datafield>
  <datafield tag="080" ind1=" " ind2=" ">
    <subfield code="a">347(467.1)</subfield>
  </datafield>
  <datafield tag="090" ind1=" " ind2=" ">
    <subfield code="c">5467</subfield>
    <subfield code="d">5467</subfield>
  </datafield>
  <datafield tag="245" ind1="0" ind2="0">
    <subfield code="a">Dret civil catal&#xE0; </subfield>
    <subfield code="h">[Recurso electr&#xF3;nico] :</subfield>
    <subfield code="b"> Drets Reals. Drets reals limitats i Registre de la Propietat /</subfield>
    <subfield code="c">Adolfo Lucas Esteve (dir.) ; Oscar Amills Eras ... [et al.]</subfield>
    <subfield code="n">Vol. IV (2)</subfield>
  </datafield>
  <datafield tag="256" ind1=" " ind2=" ">
    <subfield code="a">Servicio en l&#xED;nea</subfield>
  </datafield>
  <datafield tag="260" ind1=" " ind2=" ">
    <subfield code="a">Barcelona :</subfield>
    <subfield code="b">J.M. Bosch,</subfield>
    <subfield code="c">2014</subfield>
  </datafield>
  <datafield tag="300" ind1=" " ind2=" ">
    <subfield code="a">1 recurso electr&#xF3;nico </subfield>
  </datafield>
  <datafield tag="500" ind1=" " ind2=" ">
    <subfield code="a">L&#x92;aparici&#xF3; d&#x92;aquests dos volums consolida el gran &#xE8;xit de la col&#xB7;lecci&#xF3; de dret civil catal&#xE0;, que t&#xE9; com a objectiu l&#x92;estudi del dret civil vigent a Catalunya d&#x92;una forma completa, did&#xE0;ctica i actualitzada, fet que la converteix en la col&#xB7;lecci&#xF3; de refer&#xE8;ncia del panorama jur&#xED;dic catal&#xE0;, tant des d&#x92;un vessant dogm&#xE0;tic com pr&#xE0;ctic. En aquesta obra es realitza un estudi complet i exhaustiu dels drets reals aplicables a Catalunya, fent una an&#xE0;lisi especial del Llibre V del Codi civil de Catalunya, Llei 5/2006, de 10 de maig, relatiu als drets reals. En aquest llibre, un grup escollit de professionals del dret, integrat per professors universitaris, registradors de la propietat, notaris, advocats i magistrats, ha aportat el seu coneixement en l&#x92;&#xE0;mbit dels drets reals. El resultat &#xE9;s una obra que combina la teoria jur&#xED;dica amb la pr&#xE0;ctica habitual en les notaries, registres, despatxos d&#x92;advocats i tribunals de just&#xED;cia i que satisf&#xE0; tant les necessitats dels universitaris que han d&#x92;estudiar la mat&#xE8;ria, com les necessitats dels professionals que han d&#x92;aplicar-la. L&#x92;estructura d&#x92;aquest manual est&#xE0; integrada per 29 cap&#xED;tols dividit en dos volums: En el primer volum s&#x92;estudia la possessi&#xF3;, la propietat i les situacions de comunitat i est&#xE0; integrat pels cap&#xED;tols seg&#xFC;ents: 1. Els drets reals. 2. Els b&#xE9;ns i el patrimoni. 3. La possessi&#xF3;. 4. T&#xED;tols adquisitius i translatius dels drets reals. La tradici&#xF3;. 5. La donaci&#xF3;. 6. La usucapi&#xF3;. 7. L&#x92;extinci&#xF3; dels drets reals. 8. La propietat. 9. T&#xED;tols d&#x92;adquisici&#xF3; i extinci&#xF3; exclusius del dret de propietat: accessi&#xF3;, ocupaci&#xF3; i abandonament. 10. La propietat intel&#xB7;lectual. 11. Situacions de comunitat. La comunitat ordin&#xE0;ria indivisa. 12. La propietat horitzontal. 13. La comunitat especial per torns. 14. La mitgeria. En el segon volum s&#x92;estudia els drets reals limitats i el Registre de la Propietat i est&#xE0; integrat pels cap&#xED;tols seg&#xFC;ents: 15. El dret d&#x92;usdefruit. 16. Els drets d&#x92;&#xFA;s i habitaci&#xF3;. 17. Les servituds i els drets d&#x92;aprofitament parcial. 18. El dret de superf&#xED;cie. 19. Els drets de cens. 20. El dret de vol. 21. Els drets reals d&#x92;adquisici&#xF3; preferent. 22. Els drets reals de garantia. 23. El dret de retenci&#xF3;. 24. El dret de penyora. 25. L&#x92;anticresi. 26. La hipoteca. 27. La hipoteca mobili&#xE0;ria i la penyora sense despla&#xE7;ament. 28. El Registre de la Propietat de b&#xE9;ns immobles. 29. El Registre de la Propietat de b&#xE9;ns mobles. I hi afegeix una addenda destinada a l&#x92;estudi de la fiscalitat en la transmissi&#xF3; dels b&#xE9;ns.</subfield>
  </datafield>
  <datafield tag="504" ind1=" " ind2=" ">
    <subfield code="a">Referencias bibliogr&#xE1;ficas</subfield>
  </datafield>
  <datafield tag="506" ind1="1" ind2=" ">
    <subfield code="a">Contenido disponible en los productos indicados</subfield>
    <subfield code="d">vLex Global</subfield>
    <subfield code="d">vLex Global (Academic Edition, excluding Law Schools)</subfield>
    <subfield code="d">vLex Global (U.S. Academic Edition, Law Schools)</subfield>
    <subfield code="d">vLex Global (U.S. Academic Edition, excluding Law Schools)</subfield>
    <subfield code="d">vLex Global (Academic Edition, Law Schools)</subfield>
  </datafield>
  <datafield tag="650" ind1="0" ind2="4">
    <subfield code="a">Derecho civil</subfield>
    <subfield code="z">Catalu&#xF1;a</subfield>
  </datafield>
  <datafield tag="650" ind1="0" ind2="4">
    <subfield code="a">Derecho de sucesiones</subfield>
    <subfield code="z">Catalu&#xF1;a</subfield>
  </datafield>
  <datafield tag="650" ind1="0" ind2="4">
    <subfield code="a">Derechos reales</subfield>
  </datafield>
  <datafield tag="650" ind1="0" ind2="4">
    <subfield code="a">Registro de la propiedad</subfield>
  </datafield>
  <datafield tag="700" ind1="1" ind2=" ">
    <subfield code="a">Lucas Esteve, Adolfo,</subfield>
    <subfield code="e">dir.</subfield>
  </datafield>
  <datafield tag="700" ind1="1" ind2=" ">
    <subfield code="a">Alavedra Farrando, Enric</subfield>
  </datafield>
  <datafield tag="700" ind1="1" ind2=" ">
    <subfield code="a">Amills Eras, Oscar</subfield>
  </datafield>
  <datafield tag="700" ind1="1" ind2=" ">
    <subfield code="a">Puente, Fernando de la</subfield>
  </datafield>
  <datafield tag="700" ind1="1" ind2=" ">
    <subfield code="a">Cortada i Cortijo, Neus</subfield>
  </datafield>
  <datafield tag="740" ind1="0" ind2=" ">
    <subfield code="a">vLex Libros (Servicio en l&#xED;nea)</subfield>
  </datafield>
  <datafield tag="856" ind1="4" ind2="0">
    <subfield code="u">https://app.vlex.com/#/sources/dret-civil-catala-vol-iv-2-drets-reals-drets-reals-limitats-i-registre-de-la-propietat-12729</subfield>
  </datafield>
  <datafield tag="942" ind1=" " ind2=" ">
    <subfield code="c">RAA</subfield>
  </datafield>
  <datafield tag="952" ind1=" " ind2=" ">
    <subfield code="0">0</subfield>
    <subfield code="1">0</subfield>
    <subfield code="4">0</subfield>
    <subfield code="7">0</subfield>
    <subfield code="8">VLEX</subfield>
    <subfield code="9">321799</subfield>
    <subfield code="a">BD-UIN</subfield>
    <subfield code="b">BD-UIN</subfield>
    <subfield code="d">2024-03-05</subfield>
    <subfield code="l">0</subfield>
    <subfield code="p">12729</subfield>
    <subfield code="r">2024-03-05</subfield>
    <subfield code="w">2024-03-05</subfield>
    <subfield code="y">RAA</subfield>
  </datafield>
  <datafield tag="999" ind1=" " ind2=" ">
    <subfield code="c">163808</subfield>
    <subfield code="d">163808</subfield>
  </datafield>
</record>
